000
00315nam a22001337a 4500
008
170220b xxu||||| |||| 00| 0 eng d
020
_a
9780781766173
041
_a
eng
080
_a
615
100
_a
5
101
_a
SHF
245
_a
STANDARDS OF PRACTICE FOR THE PHARMACY TECHNICIAN
_c
MOHR, M,E
942
_2
udc
_c
BK
999
_c
5768
_d
5768